000
00221 a2200097 4500
001
25584
100
_a
245
_a
Historic trial : Maulana M Ali and others
260
_a
_b
East west pubs
_c
1971
090
_c
17303
_d
17303
942
_a
NUST-CAE
_c
M
_c
8118
999
_c
260657
_d
260657